Winnis
Uloženo v:
| Hlavní autor: | |
|---|---|
| Médium: | Kniha |
| Jazyk: | španělština angličtina |
| Vydáno: |
Santiago
Consejo Nacional de la Cultura y las Artes
2006
|
| Témata: | |
| Tagy: |
Přidat tag
Žádné tagy, Buďte první, kdo vytvoří štítek k tomuto záznamu!
|
MARC
| LEADER | 00000nam a2200000 a 4500 | ||
|---|---|---|---|
| 001 | UCJ0874 | ||
| 003 | CL-VaPUC | ||
| 008 | 060908e20060000CL |||||||||||||||||spa|d | ||
| 041 | 0 | 7 | |a spa |2 CL-VaPUC |
| 041 | 0 | 7 | |a eng |2 CL-VaPUC |
| 082 | 0 | 4 | |a 701.8 |b SAL |2 21 |
| 100 | 0 | |a Salinas, Rodrgo |e author |9 501294 | |
| 245 | 1 | 0 | |a Winnis |
| 300 | |a 48 p | ||
| 942 | |c BK | ||
| 945 | |d 20060908 00:00:00 |a jtorresc | ||
| 260 | |a Santiago |b Consejo Nacional de la Cultura y las Artes |c 2006 | ||
| 650 | 0 | |a Artes visuales |9 336870 | |
| 650 | 7 | |a ECONOMIA LIBERAL |2 CL-VaPUC |9 497062 | |
| 650 | 0 | |a Arte experimental |9 336869 | |
| 650 | 7 | |a GALERIAS DE ARTE |2 CL-VaPUC |9 501295 | |
| 650 | 0 | |a Color |9 265507 | |
| 650 | 7 | |a FORMAS |2 CL-VaPUC |9 336072 | |
| 583 | |a last modification |c 20060908 00:00:00 |k Rodrigo Vera | ||
| 999 | |c 317626 |d 317624 | ||
| 952 | |0 0 |1 0 |4 0 |6 701_800000000000000_SAL_2006 |7 0 |8 A |9 394219 |a BIBART |b BIBART |d 2019-11-22 |i 4281292 |o 701.8 SAL 2006 |p 4281292 |r 2025-03-13 |w 2019-11-22 |y BK |k ART | ||